Principles and Practice of Auditing (Record no. 229015)
[ view plain ]
| 000 -LEADER | |
|---|---|
| fixed length control field | 00670nam a22002297a 4500 |
| 005 - DATE AND TIME OF LATEST TRANSACTION | |
| control field | 20250721113438.0 |
| 008 - FIXED-LENGTH DATA ELEMENTS--GENERAL INFORMATION | |
| fixed length control field | 231025b ||||| |||| 00| 0 eng d |
| 020 ## - INTERNATIONAL STANDARD BOOK NUMBER | |
| International Standard Book Number | 9789358405323 |
| 040 ## - CATALOGING SOURCE | |
| Transcribing agency | AL |
| 041 ## - LANGUAGE CODE | |
| Language code of text/sound track or separate title | English |
| 082 ## - DEWEY DECIMAL CLASSIFICATION NUMBER | |
| Edition number | 23 |
| Classification number | 657.45 |
| Item number | APPP |
| 100 ## - MAIN ENTRY--PERSONAL NAME | |
| Personal name | H R Appannaiah and others |
| 100 ## - MAIN ENTRY--PERSONAL NAME | |
| 9 (RLIN) | 219535 |
| 245 ## - TITLE STATEMENT | |
| Title | Principles and Practice of Auditing |
| 260 ## - PUBLICATION, DISTRIBUTION, ETC. | |
| Place of publication, distribution, etc. | Mumbai |
| Name of publisher, distributor, etc. | Himalaya Publishing House |
| Date of publication, distribution, etc. | 2023 |
| 300 ## - PHYSICAL DESCRIPTION | |
| Extent | 256 p. |
| Other physical details | PB |
| Dimensions | 24x18 cm. |
| 365 ## - TRADE PRICE | |
| Price type code | 5578 |
| Price amount | ₹212.00 |
| Currency code | ₹ |
| Unit of pricing | ₹265.00 |
| Price note | 20% |
| Price effective from | 13-10-2023 |
| 650 ## - SUBJECT ADDED ENTRY--TOPICAL TERM | |
| Topical term or geographic name entry element | V SEM Bcom |
| 9 (RLIN) | 139325 |
| 650 ## - SUBJECT ADDED ENTRY--TOPICAL TERM | |
| Topical term or geographic name entry element | NEP |
| 9 (RLIN) | 139326 |
| 700 ## - ADDED ENTRY--PERSONAL NAME | |
| Personal name | Appannaiah, H R |
| 9 (RLIN) | 139327 |
| 700 ## - ADDED ENTRY--PERSONAL NAME | |
| Personal name | Bhaskar, H A |
| 9 (RLIN) | 139328 |
| 942 ## - ADDED ENTRY ELEMENTS (KOHA) | |
| Source of classification or shelving scheme | Dewey Decimal Classification |
| Koha item type | Book |
| Withdrawn status | Lost status | Source of classification or shelving scheme | Damaged status | Not for loan | Collection code | Home library | Current library | Shelving location | Date acquired | Source of acquisition | Cost, normal purchase price | Total Checkouts | Total Renewals | Full call number | Barcode | Date last seen | Date last checked out | Cost, replacement price | Price effective from | Koha item type |
|---|---|---|---|---|---|---|---|---|---|---|---|---|---|---|---|---|---|---|---|---|
| Dewey Decimal Classification | Reference Book | Commerce | St Aloysius Library | St Aloysius Library | Reference Section | 10/20/2023 | Biblios Book Point Surathkal Mangalore 575014 | 212.00 | 3 | 1 | 657.45 APPP | 076860 | 11/22/2024 | 11/13/2024 | 265.00 | 10/25/2023 | Reference | |||
| Dewey Decimal Classification | Commerce | St Aloysius Library | St Aloysius Library | 10/20/2023 | Biblios Book Point Surathkal Mangalore 575014 | 212.00 | 2 | 657.45 APPP | 076861 | 08/04/2025 | 07/28/2025 | 265.00 | 10/25/2023 | Book |